1058 1867 1971 1850 1655 1096 1501 1246 1928 1036 1966 1000 1368 1338 1541 1475 1750 1072 1710 1267 1356 1409 1373 1733 1724 1369 1667 1651 1099 1699 1293 1240 1516 1764 1234 1591 1395 1448 1654 1067 1951 1065 1807 1653 1707 1548 1525 1043 1099 1266 1839 1924 1857 1001 1552 1887 1506 1119 1669 1220 1123 1376 1555 1689 1227 1988 1813 1299 1283 1179 1368 1337 1018 1187 1229 1063 1175 1001 1860 1384 1646 1151 1284 1129 1750 1402 1375 1994 1196 1081 1589 1779 1585 1494 1470 1530 1250 1576 1132 BCNSPRNW ULIB Ver.6.0+V

เปลี่ยนเป็นภาษาไทย

Change to English
 แสดงรายละเอียดบรรณานุกรม
  กลับหน้าหลัก

Brief Record : Get Marc (ISO 2709) : E-mail record : QR code < ปิดหน้าต่าง
LEADER : 00000nam 2200000uu 4500
001    13399114428
003     ULIB
008    110627s||||||||th 000 0 tha d
020    9789741340064
098    นว.^bห475F
100 0  หัวสมองตีบตัน
245 00 Fan Club คลับนี้คุยแต่เรื่องหัวใจ/^cหัวสมองตีบตัน
250    พิมพ์ครั้งที่ 1
260    กรุงเทพฯ :^bแจ่มใส,^cมปป.
300    206 หน้า
710 1  แจ่มใส
945    ^p149^l0^i031538
995    ทศพร
999 ^a ใช้งานได้ทุกระบบ
รายการนี้ยังไม่มีแท็ก
คุณยังไม่ได้ล็อกอิน คุณสามารถมีกิจกรรมร่วมกับเว็บไซต์ได้ แต่ต้องล็อกอินก่อน ::
  ล็อกอิน

รายการสื่อสารสนเทศ

ลำดับที่ ประเภท เลขเรียก/บาร์โค้ด สถานที่ สถานะ
1. นวนิยาย
นวนิยาย
 ฉ.1 
  Barcode: 031538
ห้องสมุดวิทยาเขตสวรรค์ประชารักษ์
►นวนิยาย
บนชั้น
  ขอยืม

BibComment


ยังไม่เคยถูกคอมเมนท์

คอมเมนท์ทรัพยากรรายการนี้
  คอมเมนท์: Fan Club คลับนี้ค..


 Copyright 2026. Bcnsprnw @Library